000
00275nam a22001337a 4500
020
_a
0-553-27811-8
082
_a
823
_b
SEG/D
100
_a
SEGAL,ERICH
245
_a
DOCTORS
260
_a
LONDON
_b
BANTAM BOOK
300
_a
678
650
_a
NOVEL ENGLISH
_z
LONDON
942
_c
BK
999
_c
3293
_d
3293